00814nam a2200205 a 450000100100000000500170001000800410002702000150006804000250008308200150010810000430012324501030016626000790026930000200034849000290036870000430039783000380044095201130047899900170059100004401720240305135616.0140513s1991 sp 000 0 spa d a8479691093 aDO-SdBNPbspacBNPHU axxxxbxxxx1 aDoyle, Arthur Conan,d1859-193091300610aSherlock Holmes :bEscándalo en Bohemia /cArthur Conan Doyle ; traducción, Juan Manuel Ibeas. a[Madrid] :bCompañía Europea de Comunicación e Información,c1991. a93 p. ;c19 cm.1 aBiblioteca de El Solv9012aIbeas Delgado, Juan Manueletr.971993 0aBiblioteca de El Sol ;n90971994 001050718MOaGRbGRcCTd2014-05-13iLF1l0oxxxx xxxxp44017-10r2020-06-25w2020-06-25y1ZNo se presta c43506d43506